Sports Quiz

Random Sports or NFL Quiz
Score 0/160 Timer 20:00
0 Plays Today
Position Player % Correct
BengalsAndre Smith
86.9%
CowboysTyron Smith
86.9%
BearsKyle Long
85.7%
PackersEvan Dietrich-Smith
85.7%
TexansWade Smith
85.7%
RamsJake Long
84.5%
BrownsJoe Thomas
81%
CardinalsLevi Brown
79.8%
DolphinsMike Pouncey
79.8%
RamsChris Williams
79.8%
RedskinsTrent Williams
79.8%
BillsColin Brown
78.6%
SaintsCharles Brown
78.6%
TexansDuane Brown
78.6%
EaglesLane Johnson
77.4%
VikingsCharlie Johnson
77.4%
JetsD'Brickshaw Ferguson
72.6%
49ersJoe Staley
71.4%
JetsNick Mangold
70.2%
BengalsAndrew Whitworth
69%
ChiefsBranden Albert
69%
PatriotsLogan Mankins
69%
ChiefsEric Fisher
67.9%
EaglesJason Peters
67.9%
BrownsAlex Mack
66.7%
49ersMike Iupati
64.3%
49ersAnthony Davis
64.3%
SaintsJahri Evans
64.3%
DolphinsRichie Incognito
63.1%
PanthersRyan Kalil
61.9%
VikingsMatt Kalil
61.9%
GiantsChris Snee
60.7%
JaguarsLuke Joeckel
60.7%
PanthersJordan Gross
59.5%
BuccaneersDonald Penn
58.3%
BuccaneersCarl Nicks
58.3%
DolphinsJonathan Martin
58.3%
RavensMichael Oher
58.3%
CowboysTravis Frederick
57.1%
BillsEric Wood
56%
JaguarsEugene Monroe
56%
LionsRiley Reiff
56%
PatriotsNate Solder
56%
RavensBryant McKinnie
56%
BearsRoberto Garza
54.8%
ChargersDJ Fluker
54.8%
CowboysDoug Free
54.8%
SeahawksMax Unger
54.8%
SteelersDavid DeCastro
52.4%
TitansChance Warmack
52.4%
BearsJermon Bushrod
51.2%
BroncosLouis Vasquez
51.2%
EaglesEvan Mathis
51.2%
BroncosManny Ramirez
50%
Position Player % Correct
TitansAndy Levitre
50%
49ersAlex Boone
48.8%
PackersJosh Sitton
47.6%
SteelersMike Adams
47.6%
BillsCordy Glenn
46.4%
ColtsAnthony Castonzo
46.4%
RavensMarshall Yanda
46.4%
SaintsBen Grubbs
46.4%
TitansMichael Roos
46.4%
VikingsPhil Loadholt
46.4%
ColtsGosder Cherilus
45.2%
PatriotsSebastian Vollmer
45.2%
FalconsSam Baker
44%
49ersJonathan Goodwin
44%
DolphinsTyson Clabo
42.9%
EaglesJason Kelce
42.9%
BengalsKevin Zeitler
41.7%
BuccaneersDavin Joseph
41.7%
ChargersKing Dunlap
41.7%
ChargersNick Hardwick
41.7%
GiantsJustin Pugh
41.7%
TexansChris Myers
41.7%
BroncosOrlando Franklin
39.3%
EaglesTodd Herremans
39.3%
LionsDominic Raiola
39.3%
SeahawksJames Carpenter
39.3%
BearsJordan Mills
36.9%
PackersDavid Bakhtiari
36.9%
VikingsJohn Sullivan
36.9%
ChiefsJeff Allen
35.7%
TitansDavid Stewart
35.7%
BearsMatt Slauson
34.5%
BroncosZane Beadles
34.5%
BrownsMitchell Schwartz
34.5%
BuccaneersJeremy Zuttah
34.5%
RamsScott Wells
34.5%
GiantsDavid Baas
33.3%
PatriotsDan Connolly
33.3%
RamsRodger Saffold
33.3%
BillsKraig Urbik
32.1%
CardinalsEric Winston
32.1%
SaintsZach Strief
32.1%
SeahawksPaul McQuistan
32.1%
SeahawksJR Sweezy
32.1%
GiantsWill Beatty
31%
JaguarsBrad Meester
31%
PanthersByron Bell
31%
SteelersFernando Velasco
31%
BengalsClint Boling
29.8%
BengalsKyle Cook
29.8%
LionsLarry Warford
29.8%
RavensKelechi Osemele
29.8%
SeahawksBreno Giacomini
29.8%
SteelersMarcus Gilbert
29.8%
Position Player % Correct
FalconsJustin Blalock
28.6%
FalconsPeter Konz
28.6%
RaidersKhalif Barnes
28.6%
RavensGino Gradkowski
28.6%
BroncosChris Clark
27.4%
CardinalsLyle Sendlein
27.4%
ChiefsRodney Hudson
27.4%
SaintsBrian De La Puente
27.4%
SteelersRamon Foster
27.4%
BrownsShawn Lauvao
26.2%
BuccaneersDemar Dotson
26.2%
GiantsKevin Boothe
26.2%
BrownsJohn Greco
25%
FalconsJeremy Trueblood
25%
RedskinsWill Montgomery
25%
Redskins
25%
BillsErik Pears
23.8%
CardinalsDaryn Colledge
23.8%
RamsHarvey Dahl
23.8%
RedskinsTyler Polumbus
23.8%
ChargersJeromey Clary
22.6%
ChiefsJon Asamoah
22.6%
CowboysMackenzy Bernadeau
22.6%
FalconsGarrett Reynolds
22.6%
JetsWillie Colon
22.6%
TexansBrandon Brooks
22.6%
PatriotsRyan Wendell
21.4%
JetsAustin Howard
20.2%
RaidersAndre Gurode
20.2%
TexansDerek Newton
20.2%
LionsRob Sims
19%
PackersDon Barclay
19%
PanthersChris Scott
19%
RaidersStefen Wisniewski
19%
DolphinsJohn Jerry
17.9%
JetsVladimir Ducasse
17.9%
RedskinsKory Lichtensteiger
17.9%
TitansRobert Turner
17.9%
PanthersAmini Silatolu
15.5%
ColtsMike McGlynn
14.3%
VikingsBrandon Fusco
14.3%
CowboysRonald Leary
11.9%
RaidersTony Pashos
10.7%
ChargersChad Rinehart
9.5%
ColtsHugh Thornton
9.5%
ColtsJeff Linkenbach
9.5%
JaguarsUche Nwaneri
8.3%
LionsJason Fox
8.3%
JaguarsWill Rackley
7.1%
PackersTJ Land
4.8%
RaidersMike Brisiel
4.8%
CardinalsPaul Fanaika
3.6%

You're not logged in!

Compare scores with friends on all Sporcle quizzes.
OR
Log In

Sporcle TV

Today on Sporcle TV


Watch our educational content, quiz creation guides, and fun videos on Sporcle TV.

Show Comments

Extras

Top Quizzes Today


Score Distribution

Paid Content

Your Account Isn't Verified!

In order to create a playlist on Sporcle, you need to verify the email address you used during registration. Go to your Sporcle Settings to finish the process.

Report this User

Report this user for behavior that violates our Community Guidelines.

Details: